| 000 | 00536cam a2200181ua 4500 | ||
|---|---|---|---|
| 001 | 1386 | ||
| 008 | 110708n xxk |||gr||||Z||||||eng | ||
| 040 | _cMAIN | ||
| 082 | _a331.1 | ||
| 100 |
_aKeynes, John Maynard, _eAuthor. |
||
| 245 | 1 |
_aThe General theory : _bpf employment, interest and money / _cby John Maynard Keynes |
|
| 250 | _a1st. | ||
| 260 |
_aLondon: _bMacmillan & Company Ltd.,957. |
||
| 300 |
_axii; 403p: _c23cm. |
||
| 653 | _aEconomics | ||
| 653 | _athe general theory of employment, interest and money | ||
| 942 | _cBK | ||
| 999 |
_c1281 _d1281 |
||